[Event "Frauenbundesliga 2021-22"]
[Site "Germany"]
[Date "2022.03.20"]
[Round "6.2"]
[White "Voicu-Jagodzinsky, Carmen"]
[Black "Rogule, Laura"]
[Result "1/2-1/2"]
[WhiteElo "2290"]
[BlackElo "2317"]
[Annotator "ChessBase"]
[PlyCount "119"]
[EventDate "2021.11.26"]
[EventType "team-tourn"]
[EventCountry "GER"]
[SourceTitle "playchess.com"]
[Source "ChessBase"]
[SourceQuality "1"]
[TimeControl "40/5400+30:1800+30"]

1. e4 {[%emt 0:00:03]} c5 {[%emt 0:00:06]} 2. Nf3 {[%emt 0:00:05]} d6 {[%emt 0:00:26]} 3. d4 {[%emt 0:00:04]} cxd4 {[%emt 0:00:07]} 4. Qxd4 {[%emt 0:00:04]} Nc6 {[%emt 0:03:38]} 5. Qe3 {[%emt 0:00:09]} Nf6 {[%emt 0:05:18]} 6. Be2 {[%emt 0:01:50]} g6 {[%emt 0:05:13]} 7. O-O {[%emt 0:00:21]} Bg7 {[%emt 0:00:16]} 8. h3 {[%emt 0:00:04]} O-O {[%emt 0:02:02]} 9. Rd1 {[%emt 0:00:29]} Qc7 {[%emt 0:02:41]} 10. Nc3 {[%emt 0:00:57]} a6 {[%emt 0:05:23]} 11. Qf4 {[%emt 0:00:51]} b5 {[%emt 0:01:44]} 12. a3 {[%emt 0:06:26]} Ne5 {[%emt 0:20:33]} 13. Qh4 {[%emt 0:13:54]} Nxf3+ {[%emt 0:06:31]} 14. Bxf3 {[%emt 0:00:34]} Rb8 {[%emt 0:00:52]} 15. Bh6 {[%emt 0:20:43]} b4 {[%emt 0:04:25]} 16. Bxg7 {[%emt 0:03:06]} Kxg7 {[%emt 0:00:09]} 17. Nd5 {[%emt 0:09:52]} Nxd5 {[%emt 0:10:01]} 18. exd5 {[%emt 0:00:16]} bxa3 {[%emt 0:02:32]} 19. bxa3 {[%emt 0:04:27]} Bf5 {[%emt 0:07:37]} 20. Re1 {[%emt 0:00:54]} Rb7 {[%emt 0:04:51]} 21. Qd4+ {[%emt 0:03:08]} Kg8 {[%emt 0:00:04]} 22. g4 {[%emt 0:01:09]} Bc8 {[%emt 0:00:18]} 23. Re2 {[%emt 0:00:49]} Qa5 {[%emt 0:03:30]} 24. Kg2 {[%emt 0:01:35]} Re8 {[%emt 0:00:52]} 25. h4 {[%emt 0:01:42]} Rc7 {[%emt 0:06:39]} 26. Rae1 {[%emt 0:03:58]} Qxa3 {[%emt 0:01:36]} 27. Re3 {[%emt 0:10:06]} Qa2 {[%emt 0:04:31]} 28. Rc3 {[%emt 0:01:45]} Qb2 {[%emt 0:01:34]} 29. Ree3 {[%emt 0:01:10]} Bd7 {[%emt 0:00:26]} 30. Red3 {[%emt 0:04:41]} Rb7 {[%emt 0:00:46]} 31. Kg3 {[%emt 0:04:38]} Rc8 {[%emt 0:00:44]} 32. Rxc8+ {[%emt 0:01:55]} Bxc8 {[%emt 0:00:01]} 33. Qc4 {[%emt 0:00:55]} Bd7 {[%emt 0:00:18]} 34. Qxa6 {[%emt 0:00:36]} Qe5+ {[%emt 0:01:06]} 35. Kg2 {[%emt 0:00:35]} Rb4 {[%emt 0:00:28]} 36. Re3 {[%emt 0:02:38]} Qf4 {[%emt 0:00:32]} 37. Qa8+ {[%emt 0:00:32]} Kg7 {[%emt 0:00:01]} 38. Qa1+ {[%emt 0:00:26]} Qf6 {[%emt 0:00:50]} 39. Qxf6+ {[%emt 0:00:35]} exf6 {[%emt 0:00:26]} 40. Kg3 {[%emt 0:00:33]} Rc4 {[%emt 0:00:39]} 41. Ra3 {[%emt 0:02:30]} Kf8 {[%emt 0:14:29]} 42. c3 {[%emt 0:01:43]} h6 {[%emt 0:06:32]} 43. Be2 {[%emt 0:10:06]} Rc5 {[%emt 0:03:13]} 44. c4 {[%emt 0:00:29]} f5 {[%emt 0:00:22]} 45. g5 {[%emt 0:00:26]} h5 {[%emt 0:01:37]} 46. Ra7 {[%emt 0:03:55]} Ke8 {[%emt 0:00:37]} 47. Ra6 {[%emt 0:03:46]} Ke7 {[%emt 0:00:07]} 48. Ra7 {[%emt 0:00:05]} Rc8 {[%emt 0:00:31]} 49. Rb7 {[%emt 0:01:31]} Ra8 {[%emt 0:04:01]} 50. Rb3 {[%emt 0:02:52]} Ra2 {[%emt 0:00:45]} 51. Re3+ {[%emt 0:01:18]} Kd8 {[%emt 0:00:12]} 52. f4 {[%emt 0:00:28]} Rc2 {[%emt 0:00:25]} 53. Kf3 {[%emt 0:00:36]} Rc1 {[%emt 0:00:33]} 54. Ra3 {[%emt 0:01:27]} Rh1 {[%emt 0:00:54]} 55. Kg3 {[%emt 0:00:40]} Rg1+ {[%emt 0:00:29]} 56. Kf2 {[%emt 0:00:13]} Rh1 {[%emt 0:00:22]} 57. Kg3 {[%emt 0:01:25]} Rc1 {[%emt 0:00:10]} 58. Kf2 {[%emt 0:01:20]} Rb1 {[%emt 0:01:12]} 59. Ra8+ {[%emt 0:01:13]} Ke7 {[%emt 0:00:25]} 60. Ra7 {[%emt 0:01:25]} 1/2-1/2

[Event "Frauenbundesliga 2021-22"]
[Site "Germany"]
[Date "2022.03.20"]
[Round "6.3"]
[White "Berzina, Ilze"]
[Black "Ciolacu, Alessia-Mihaela"]
[Result "1-0"]
[WhiteElo "2192"]
[BlackElo "2239"]
[Annotator "ChessBase"]
[PlyCount "93"]
[EventDate "2021.11.26"]
[EventType "team-tourn"]
[EventCountry "GER"]
[SourceTitle "playchess.com"]
[Source "ChessBase"]
[SourceQuality "1"]
[TimeControl "40/5400+30:1800+30"]

1. e4 {[%emt 0:00:03]} e5 {[%emt 0:00:05]} 2. Nf3 {[%emt 0:00:06]} Nc6 {[%emt 0:00:06]} 3. Bb5 {[%emt 0:00:08]} a6 {[%emt 0:00:06]} 4. Ba4 {[%emt 0:00:41]} Nf6 {[%emt 0:00:10]} 5. O-O {[%emt 0:00:29]} Be7 {[%emt 0:00:09]} 6. Re1 {[%emt 0:00:24]} b5 {[%emt 0:00:17]} 7. Bb3 {[%emt 0:00:07]} d6 {[%emt 0:00:15]} 8. c3 {[%emt 0:00:18]} O-O {[%emt 0:00:10]} 9. h3 {[%emt 0:00:19]} Nb8 {[%emt 0:00:21]} 10. d4 {[%emt 0:01:05]} Nbd7 {[%emt 0:00:11]} 11. Nbd2 {[%emt 0:01:00]} Bb7 {[%emt 0:00:09]} 12. Bc2 {[%emt 0:01:03]} Re8 {[%emt 0:00:12]} 13. Nf1 {[%emt 0:00:33]} Bf8 {[%emt 0:00:10]} 14. Ng3 {[%emt 0:00:30]} g6 {[%emt 0:00:20]} 15. a4 {[%emt 0:03:52]} Nb6 {[%emt 0:00:22]} 16. a5 {[%emt 0:09:58]} Nbd7 {[%emt 0:00:10]} 17. b3 {[%emt 0:00:43]} d5 {[%emt 0:02:11]} 18. Nxe5 {[%emt 0:16:14]} Nxe5 {[%emt 0:11:07]} 19. dxe5 {[%emt 0:00:09]} Rxe5 {[%emt 0:00:31]} 20. Bf4 {[%emt 0:05:27]} Re8 {[%emt 0:09:18]} 21. e5 {[%emt 0:00:25]} Nd7 {[%emt 0:00:18]} 22. Qg4 {[%emt 0:20:35]} Bg7 {[%emt 0:01:01]} 23. Bg5 {[%emt 0:01:15]} f6 {[%emt 0:02:37]} 24. exf6 {[%emt 0:03:10]} Nxf6 {[%emt 0:02:12]} 25. Qf4 {[%emt 0:18:52]} Rf8 {[%emt 0:23:05]} 26. Re6 {[%emt 0:03:51]} Qd7 {[%emt 0:11:23]} 27. Rxf6 {[%emt 0:00:57]} Rxf6 {[%emt 0:00:24]} 28. Bxf6 {[%emt 0:00:14]} Rf8 {[%emt 0:00:09]} 29. Qd2 {[%emt 0:07:46]} Bxf6 {[%emt 0:01:20]} 30. Ne4 {[%emt 0:00:29]} Bg7 {[%emt 0:01:08]} 31. Nc5 {[%emt 0:00:19]} Qc6 {[%emt 0:01:27]} 32. b4 {[%emt 0:00:06]} Kh8 {[%emt 0:16:55]} 33. Re1 {[%emt 0:01:06]} Bc8 {[%emt 0:00:38]} 34. Bb3 {[%emt 0:02:31]} Qd6 35. Re3 {[%emt 0:01:05]} c6 {[%emt 0:00:57]} 36. Qe2 {[%emt 0:01:33]} d4 {[%emt 0:05:01]} 37. cxd4 {[%emt 0:00:02]} Bxd4 {[%emt 0:00:24]} 38. Rf3 {[%emt 0:00:27]} Rd8 {[%emt 0:06:57]} 39. Rf7 {[%emt 0:00:19]} Be5 {[%emt 0:00:57]} 40. Qf3 {[%emt 0:01:33]} Qd2 {[%emt 0:06:16]} 41. g4 {[%emt 0:05:47]} Qd6 {[%emt 0:08:10]} 42. Ne4 {[%emt 0:02:16]} Qd3 {[%emt 0:17:34]} 43. Nf6 {[%emt 0:00:53]} Qb1+ {[%emt 0:00:24]} 44. Kg2 {[%emt 0:00:23]} g5 {[%emt 0:00:05]} 45. Rxh7+ {[%emt 0:00:26]} Qxh7 {[%emt 0:00:07]} 46. Nxh7 {[%emt 0:00:07]} Kxh7 {[%emt 0:00:01]} 47. Qe4+ {[%emt 0:00:24]} 1-0

[Event "Frauenbundesliga 2021-22"]
[Site "Germany"]
[Date "2022.03.20"]
[Round "6.4"]
[White "Ionica, Iulia-Ionela"]
[Black "Otikova, Elina"]
[Result "1-0"]
[WhiteElo "2194"]
[BlackElo "2105"]
[Annotator "ChessBase"]
[PlyCount "97"]
[EventDate "2021.11.26"]
[EventType "team-tourn"]
[EventCountry "GER"]
[SourceTitle "playchess.com"]
[Source "ChessBase"]
[SourceQuality "1"]
[TimeControl "40/5400+30:1800+30"]

1. e4 {[%emt 0:00:06]} e5 {[%emt 0:00:09]} 2. Bc4 {[%emt 0:00:15]} Nf6 {[%emt 0:04:25]} 3. d3 {[%emt 0:00:25]} Nc6 {[%emt 0:00:43]} 4. Nc3 {[%emt 0:01:14]} Na5 {[%emt 0:01:38]} 5. Bb3 {[%emt 0:00:36]} Nxb3 {[%emt 0:03:25]} 6. axb3 {[%emt 0:00:05]} Be7 {[%emt 0:13:25]} 7. f4 {[%emt 0:08:19]} d6 {[%emt 0:01:34]} 8. Nf3 {[%emt 0:00:40]} exf4 {[%emt 0:10:51]} 9. Bxf4 {[%emt 0:00:13]} d5 {[%emt 0:12:02]} 10. Nb5 {[%emt 0:12:20]} O-O {[%emt 0:08:07]} 11. Nxc7 {[%emt 0:01:48]} Nh5 {[%emt 0:03:35]} 12. Nxd5 {[%emt 0:04:40]} f5 {[%emt 0:01:44]} 13. Nxe7+ {[%emt 0:04:37]} Qxe7 {[%emt 0:00:04]} 14. Bg5 {[%emt 0:01:07]} Qc5 {[%emt 0:14:33]} 15. e5 {[%emt 0:03:03]} h6 {[%emt 0:01:17]} 16. Bd2 {[%emt 0:04:49]} f4 {[%emt 0:08:37]} 17. d4 {[%emt 0:04:14]} Qc6 {[%emt 0:00:56]} 18. O-O {[%emt 0:02:51]} Bg4 {[%emt 0:00:13]} 19. Bb4 {[%emt 0:11:48]} Rfc8 {[%emt 0:04:15]} 20. c3 {[%emt 0:01:22]} Rd8 {[%emt 0:01:26]} 21. Qe2 {[%emt 0:03:34]} g5 {[%emt 0:00:43]} 22. Qc4+ {[%emt 0:02:00]} Qxc4 {[%emt 0:00:05]} 23. bxc4 {[%emt 0:00:03]} Ng7 {[%emt 0:02:40]} 24. Rfe1 {[%emt 0:06:18]} Nf5 {[%emt 0:00:48]} 25. b3 {[%emt 0:03:28]} Ne3 {[%emt 0:00:30]} 26. Ra2 {[%emt 0:01:19]} Re8 {[%emt 0:00:31]} 27. Nd2 {[%emt 0:04:47]} Bf5 {[%emt 0:01:43]} 28. Nf1 {[%emt 0:08:43]} Ng4 {[%emt 0:02:34]} 29. h3 {[%emt 0:01:00]} Nf6 {[%emt 0:00:04]} 30. Rea1 {[%emt 0:01:05]} Ne4 {[%emt 0:00:44]} 31. Rxa7 {[%emt 0:00:22]} Rab8 {[%emt 0:00:03]} 32. R1a2 {[%emt 0:02:42]} h5 {[%emt 0:01:01]} 33. Nd2 {[%emt 0:01:47]} b6 {[%emt 0:02:02]} 34. Nxe4 {[%emt 0:00:49]} Bxe4 {[%emt 0:00:05]} 35. Bd6 {[%emt 0:00:16]} Ra8 {[%emt 0:00:48]} 36. Rxa8 {[%emt 0:01:31]} Rxa8 {[%emt 0:00:24]} 37. Rxa8+ {[%emt 0:00:10]} Bxa8 {[%emt 0:00:02]} 38. Bc7 {[%emt 0:00:09]} Be4 {[%emt 0:00:56]} 39. Bxb6 {[%emt 0:00:17]} Kf7 {[%emt 0:00:45]} 40. Kf2 {[%emt 0:00:36]} Bc2 {[%emt 0:00:31]} 41. b4 {[%emt 0:30:52]} Ke6 {[%emt 0:03:27]} 42. Bd8 {[%emt 0:00:00]} g4 {[%emt 0:01:09]} 43. hxg4 {[%emt 0:00:00]} hxg4 {[%emt 0:00:05]} 44. b5 {[%emt 0:00:00]} Be4 {[%emt 0:02:29]} 45. d5+ {[%emt 0:00:00]} Kd7 {[%emt 0:01:13]} 46. Bg5 {[%emt 0:00:00]} Bd3 {[%emt 0:01:00]} 47. e6+ {[%emt 0:00:00]} Kc7 {[%emt 0:03:11]} 48. Bxf4+ {[%emt 0:00:00]} Kc8 {[%emt 0:01:40]} 49. d6 {[%emt 0:00:00]} 1-0

[Event "Frauenbundesliga 2021-22"]
[Site "Germany"]
[Date "2022.03.20"]
[Round "6.5"]
[White "Naumann, Nadine"]
[Black "Moeller, Lisa-Marie"]
[Result "0-1"]
[WhiteElo "1960"]
[BlackElo "1903"]
[Annotator "ChessBase"]
[PlyCount "98"]
[EventDate "2021.11.26"]
[EventType "team-tourn"]
[EventCountry "GER"]
[SourceTitle "playchess.com"]
[Source "ChessBase"]
[SourceQuality "1"]
[TimeControl "40/5400+30:1800+30"]

1. e4 {[%emt 0:00:04]} c5 {[%emt 0:00:04]} 2. Nf3 {[%emt 0:00:14]} e6 {[%emt 0:00:06]} 3. d4 {[%emt 0:00:05]} cxd4 {[%emt 0:00:05]} 4. Nxd4 {[%emt 0:00:05]} a6 {[%emt 0:00:06]} 5. c4 {[%emt 0:00:12]} Nf6 {[%emt 0:00:22]} 6. Nc3 {[%emt 0:00:29]} Bb4 {[%emt 0:00:28]} 7. Qd3 {[%emt 0:01:07]} Nc6 {[%emt 0:02:51]} 8. Nxc6 {[%emt 0:02:03]} dxc6 {[%emt 0:01:07]} 9. Qxd8+ {[%emt 0:03:37]} Kxd8 {[%emt 0:00:02]} 10. e5 {[%emt 0:03:01]} Ne4 {[%emt 0:03:07]} 11. Bd2 {[%emt 0:00:55]} Bxc3 {[%emt 0:07:41]} 12. Bxc3 {[%emt 0:01:27]} Nxc3 {[%emt 0:00:08]} 13. bxc3 {[%emt 0:00:07]} c5 {[%emt 0:03:24]} 14. g3 {[%emt 0:10:46]} Kc7 {[%emt 0:02:09]} 15. O-O-O {[%emt 0:01:38]} Bd7 {[%emt 0:01:39]} 16. Bg2 {[%emt 0:05:26]} Ba4 {[%emt 0:03:34]} 17. Rd2 {[%emt 0:01:12]} Rhd8 {[%emt 0:01:50]} 18. Rxd8 {[%emt 0:01:20]} Rxd8 {[%emt 0:00:10]} 19. Be4 {[%emt 0:00:16]} Bc6 {[%emt 0:14:47]} 20. Bxc6 {[%emt 0:01:18]} Kxc6 {[%emt 0:00:02]} 21. Kc2 {[%emt 0:01:26]} Rd7 {[%emt 0:04:13]} 22. Rb1 {[%emt 0:16:30]} b5 {[%emt 0:04:19]} 23. cxb5+ {[%emt 0:12:33]} axb5 {[%emt 0:00:09]} 24. f4 {[%emt 0:01:50]} Ra7 {[%emt 0:07:41]} 25. Kb3 {[%emt 0:03:13]} c4+ {[%emt 0:04:56]} 26. Kb2 {[%emt 0:00:50]} Rd7 {[%emt 0:06:52]} 27. Kc2 {[%emt 0:09:51]} Kc5 {[%emt 0:01:56]} 28. Re1 {[%emt 0:03:51]} Rd3 {[%emt 0:03:43]} 29. a3 {[%emt 0:03:46]} h5 {[%emt 0:05:39]} 30. Re2 {[%emt 0:06:16]} h4 {[%emt 0:05:13]} 31. Rg2 {[%emt 0:02:35]} hxg3 {[%emt 0:03:26]} 32. hxg3 {[%emt 0:00:11]} Kd5 {[%emt 0:00:44]} 33. g4 {[%emt 0:01:25]} Ke4 {[%emt 0:02:58]} 34. f5 {[%emt 0:01:20]} Kxe5 {[%emt 0:00:29]} 35. fxe6 {[%emt 0:00:54]} fxe6 {[%emt 0:02:39]} 36. Re2+ {[%emt 0:00:47]} Kd5 {[%emt 0:00:47]} 37. Rh2 {[%emt 0:02:22]} Rg3 {[%emt 0:03:53]} 38. Rh5+ {[%emt 0:00:10]} e5 {[%emt 0:00:19]} 39. Rg5 {[%emt 0:00:10]} Rg2+ {[%emt 0:00:18]} 40. Kb1 {[%emt 0:00:06]} Ke4 {[%emt 0:00:45]} 41. Rxg7 {[%emt 0:30:30]} Kd3 {[%emt 0:30:40]} 42. Rb7 {[%emt 0:00:00]} e4 {[%emt 0:00:00]} 43. Rxb5 {[%emt 0:00:00]} e3 {[%emt 0:00:00]} 44. Rd5+ {[%emt 0:00:00]} Kxc3 {[%emt 0:00:00]} 45. Rd1 {[%emt 0:00:00]} e2 {[%emt 0:00:00]} 46. Rc1+ {[%emt 0:00:00]} Kd2 {[%emt 0:00:00]} 47. Rc2+ {[%emt 0:00:00]} Kd3 {[%emt 0:00:00]} 48. Kb2 {[%emt 0:00:00]} e1=Q {[%emt 0:00:00]} 49. Rxg2 {[%emt 0:00:00]} c3+ {[%emt 0:00:00]} 0-1

[Event "Frauenbundesliga 2021-22"]
[Site "Germany"]
[Date "2022.03.20"]
[Round "6.6"]
[White "Dartmann Aubanell, Catriona"]
[Black "Schuster, Rebekka"]
[Result "1-0"]
[WhiteElo "1834"]
[BlackElo "1840"]
[Annotator "NA RC"]
[PlyCount "81"]
[EventDate "2021.11.26"]
[EventType "team-tourn"]
[EventCountry "GER"]
[SourceTitle "playchess.com"]
[Source "ChessBase"]
[SourceQuality "1"]
[TimeControl "40/5400+30:1800+30"]

1. e4 {[%emt 0:00:06]} e6 {[%emt 0:00:04]} 2. d4 {[%emt 0:00:16]} d5 {[%emt 0:00:05]} 3. Bd3 {[%emt 0:00:13]} Nf6 {[%emt 0:00:27]} 4. e5 {[%emt 0:00:19]} Nfd7 {[%emt 0:00:14]} 5. f4 {[%emt 0:00:25]} c5 {[%emt 0:00:29]} 6. c3 {[%emt 0:00:29]} Nc6 {[%emt 0:00:21]} 7. Nf3 {[%emt 0:00:30]} Be7 {[%emt 0:01:28]} 8. a3 {[%emt 0:01:52]} f6 {[%emt 0:07:36]} 9. O-O {[%emt 0:03:43]} (9. b4 $5) 9... O-O {[%emt 0:02:28]} 10. Qc2 {[%emt 0:10:56]} f5 $11 {[%emt 0:07:34]} 11. Qf2 {[%emt 0:08:37]} c4 {[%emt 0:06:54]} 12. Bc2 {[%emt 0:00:47]} b5 {[%emt 0:12:33]} 13. Kh1 {[%emt 0:07:40]} Kh8 {[%emt 0:17:28]} 14. Ng5 {[%emt 0:09:02]} Nb6 {[%emt 0:15:05]} 15. Qh4 {[%emt 0:04:17]} h6 {[%emt 0:01:02]} 16. Qh3 {[%emt 0:13:46]} Kg8 {[%emt 0:02:59]} 17. Nf3 {[%emt 0:00:32]} Kh7 {[%emt 0:07:46]} 18. g4 {[%emt 0:07:35]} g6 {[%emt 0:00:06]} 19. Rg1 {[%emt 0:09:50]} Rg8 {[%emt 0:00:15]} 20. Nbd2 {[%emt 0:04:04]} Bd7 {[%emt 0:01:19]} 21. Nf1 {[%emt 0:00:45]} Na4 {[%emt 0:14:47]} 22. Ng3 {[%emt 0:02:23]} Be8 {[%emt 0:00:00]} 23. Ng5+ {[%emt 0:01:32]} Bxg5 {[%emt 0:00:00]} 24. fxg5 {[%emt 0:00:01]} h5 {[%emt 0:00:00]} 25. gxh5 {[%emt 0:00:35]} gxh5 {[%emt 0:00:00]} 26. Nxh5 {[%emt 0:00:10]} Bxh5 {[%emt 0:00:00]} 27. Qxh5+ {[%emt 0:00:02]} Kg7 {[%emt 0:00:01]} 28. Qh6+ {[%emt 0:01:36]} Kf7 {[%emt 0:00:01]} 29. g6+ {[%emt 0:00:53]} Ke8 {[%emt 0:00:35]} 30. g7 {[%emt 0:03:17]} Qe7 {[%emt 0:03:53]} 31. Bxf5 {[%emt 0:00:34]} Kd7 {[%emt 0:00:00]} 32. Bh7 {[%emt 0:00:58]} Qf7 {[%emt 0:00:00]} 33. Bf4 {[%emt 0:01:09]} Rgc8 {[%emt 0:00:04]} 34. g8=Q {[%emt 0:00:50]} Rxg8 {[%emt 0:00:02]} 35. Rxg8 {[%emt 0:00:42]} Rxg8 {[%emt 0:00:01]} 36. Bxg8 {[%emt 0:00:12]} Qxg8 {[%emt 0:00:01]} 37. Rg1 {[%emt 0:00:19]} Qe8 {[%emt 0:00:06]} 38. Rg7+ {[%emt 0:00:55]} Kc8 {[%emt 0:02:57]} 39. Qh7 {[%emt 0:00:25]} Nd8 {[%emt 0:00:08]} 40. Rxa7 {[%emt 0:00:33]} Qc6 {[%emt 0:00:46]} 41. Bg5 {[%emt 0:30:56]} 1-0

[Event "Frauenbundesliga 2021-22"]
[Site "Germany"]
[Date "2022.03.20"]
[Round "6.7"]
[White "Cyfka, Karina"]
[Black "Sieber, Fiona"]
[Result "1-0"]
[WhiteElo "2401"]
[BlackElo "2270"]
[Annotator "TA"]
[PlyCount "123"]
[EventDate "2021.11.26"]
[EventType "team-tourn"]
[EventCountry "GER"]
[SourceTitle "playchess.com"]
[Source "ChessBase"]
[SourceQuality "1"]

{[%evp 23,123,-39,-20,-53,-57,-52,-18,-17,55,40,36,2,0,0,110,110,179,158,164,146,185,199,226,211,308,312,387,389,388,-206,403,397,404,406,394,384,386,0,368,364,319,177,270,130,222,229,209,231,227,224,224,0,212,0,222,228,218,230,236,95,87,7,4,0,228,222,223,189,226,243,308,289,297,281,297,229,293,285,286,247,245,0,308,304,317,281,386,353,333,305,313,256,768,228,765,220,509,279,741,677,704,621]} 1. e4 c5 2. Nf3 e6 3. d3 Nc6 4. g3 d5 5. Nbd2 Nf6 6. Bg2 Be7 7. O-O O-O 8. e5 Nd7 9. Re1 b5 10. Nf1 b4 11. h4 a5 {[%cal Ba7a5,Ba5a4,Ba4a3][%mdl 32]} 12. Bf4 a4 13. N1h2 {C00: French: Unusual White 2nd moves.} a3 {The main line 13...a3 scores better than 13...Ba6.} 14. b3 f6 15. exf6 $1 {The position is equal.} Bxf6 ({Black should try} 15... Nxf6 $11 16. Qd2 Bd6) 16. Rxe6 $14 Bxa1 17. Qxa1 {[#]} Ra6 $146 ({Predecessor:} 17... Bb7 18. Qe1 Re8 19. Bc7 Qc8 20. Bh3 Nf6 21. Ng5 Nd4 22. Re7 Rxe7 23. Qxe7 Qe8 24. Qxc5 {0-1 (32) Novik,M (2434)-Iniyan,P (2506) Chess.com INT 2021}) 18. Bd6 Rf6 (18... Rf7 $1 $11 19. Ng5 Rf5) 19. Qe1 $16 {Hoping for Re8+. White is more active.} Nf8 (19... Rxe6 $16 20. Qxe6+ Kh8) 20. Rxf6 $18 Qxf6 21. Bxc5 {Ng5 is the strong threat. A strong pair of Bishops.} Ne6 {Prevents Ng5.} 22. Bxb4 Nxb4 23. Qxb4 Qa1+ (23... Qf8 $142 24. Qc3 Qc5 25. Qxc5 Nxc5) 24. Nf1 $1 (24. Ne1 Nf8 25. Bxd5+ Be6 $11) 24... Qxa2 25. Qe7 {White threatens Ng5 and mate.} Qxc2 26. Qe8+ Nf8 27. Ng5 $1 {[%mdl 64] Discovered Attack} Rf6 {Inhibits Qf7+.} 28. Bxd5+ Kh8 29. Nf7+ Kg8 30. Ng5+ Kh8 31. Ne4 {Really sharp!} Bd7 32. Qa8 (32. Qe7 $142 Ng6 33. Qxa3) 32... Rf3 (32... Qc8 $142 33. Qxa3 (33. Nxf6 $2 Qxa8 34. Bxa8 a2 $19) 33... Ra6) 33. Kg2 (33. Ne3 $18 Qe2 34. Qxa3) 33... Qc8 (33... Qxd3 $2 34. Ne3 Rf7 35. Bxf7 $18) (33... Qe2 $16 {might work better.}) 34. Qxa3 (34. Kxf3 $2 Qxa8 35. Bxa8 a2 $19) (34. Qxc8 $2 Bxc8 35. Kxf3 a2 $19) 34... Rxd3 {[#]} 35. Nd6 $1 {[%cal Be4d6,Bd6f7,Bf7h6][%mdl 32]} Qb8 36. Nf7+ $1 (36. Ne3 $2 Rxd5 37. Nxd5 Bc6 $19) 36... Kg8 37. Nh6+ Kh8 38. Nf7+ Kg8 39. Bc4 Rc3 {White must now prevent ...Bc6+.} 40. Ng5+ $1 Kh8 41. Qe7 (41. Ne3 $18 {and White stays clearly on top.}) 41... Qa8+ $16 {[#]} 42. Kg1 (42. Kh2 $1 $16 {Nf7+ would kill now.} h6 43. Nf7+ Kh7 44. Ne5) 42... h6 $11 43. Ne4 Bh3 $2 {[#]} 44. Qf7 $1 $18 {[%csl Gc4][%cal Rf7g8]} Rxc4 45. Qxc4 $40 {[%mdl 128] Black is in trouble.} Nd7 46. Nfd2 Qa1+ 47. Kh2 Bg4 48. Qc3 Qe1 49. Qe3 Qd1 50. Nc3 Qc1 51. Nc4 Qf1 52. Nd2 $2 ({But not} 52. Qe8+ Kh7 53. Qe3 (53. Qe4+ Kg8 $18) 53... Nf6) (52. Nd5 $18) 52... Qh3+ $2 {[%mdl 8192]} (52... Qc1 $1 $11) 53. Kg1 Nf6 54. Nce4 Nd5 55. Qc5 Be6 56. Qf8+ Kh7 57. Qf3 {[%cal Oe4g5] Threatens to win with Ng5+!} Nb4 $2 {[#]} (57... Kg8 58. Qd3 Qg4) 58. Qh5 $2 (58. Ng5+ $1 {[%mdl 512]} hxg5 59. Qh5+ (59. Qe4+ Kg8 $18) 59... Kg8 60. Qe8+ Kh7 61. Nf3) 58... Kg8 $2 (58... Qf5 59. Qxf5+ Bxf5) 59. Qg6 $2 (59. Qe8+ Kh7 60. Nf3) 59... Kh8 $2 (59... Qf5 60. Qxf5 Bxf5) 60. Qe8+ Kh7 $2 {[#]} (60... Bg8 61. Qf8 Nd5) 61. Ng5+ $1 {[%mdl 512]} hxg5 62. Ne4 {Weighted Error Value: White=0.56/Black=0.57} 1-0